| 000 | 02574nam a2200385 a 4500 | ||
|---|---|---|---|
| 001 | ebr10486826 | ||
| 003 | CaPaEBR | ||
| 006 | m u | ||
| 007 | cr cn||||||||| | ||
| 008 | 090922s2009 dcu sb 001 0 eng d | ||
| 010 | _z 2009039466 | ||
| 020 | _z9780875531946 (alk. paper) | ||
| 020 | _z0875531946 (alk. paper) | ||
| 020 | _z9780875532547 (e-book) | ||
| 040 |
_aCaPaEBR _cCaPaEBR |
||
| 035 | _a(OCoLC)754713877 | ||
| 050 | 1 | 4 |
_aRA427.25 _b.C68 2009eb |
| 082 | 0 | 4 |
_a174.2 _222 |
| 100 | 1 |
_aCoughlin, Steven S. _q(Steven Scott), _d1957- |
|
| 245 | 1 | 0 |
_aCase studies in public health ethics _h[electronic resource] / _cSteven S. Coughlin. |
| 250 | _a2nd ed. | ||
| 260 |
_aWashington, D.C. : _bAmerican Public Health Association, _cc2009. |
||
| 300 | _avi, 139 p. | ||
| 504 | _aIncludes bibliographical references and index. | ||
| 505 | 0 | _aCase analysis and moral reasoning -- Privacy and confidentiality protection -- Informed consent in public health research -- Randomized controlled trials -- Committee review and the institutional review board system -- Scientific misconduct in public health research -- Conflicting interests and research sponsorship -- Intellectual property and data sharing -- Publication and interpretation of research -- Communication responsibilities of public health professionals -- Public health practice -- Studies of vulnerable populations -- Cross-cultural research -- International health research -- Genetic research and testing -- AIDS prevention and treatment -- Allocation of scarce resources and health care reform. | |
| 520 | _a"This new edition covers issues of privacy and confidentiality protection, informed consent in public health research, the ethics of randomized trials, vulnerable populations, genetic discrimination, AIDS prevention and treatment, health care reform, scientific misconduct, conflicts of interest, intellectual property, and more."--Publisher's description. | ||
| 533 |
_aElectronic reproduction. _bPalo Alto, Calif. : _cebrary, _d2013. _nAvailable via World Wide Web. _nAccess may be limited to ebrary affiliated libraries. |
||
| 650 | 0 |
_aPublic health _xMoral and ethical aspects _vCase studies. |
|
| 650 | 0 |
_aMedical ethics _vCase studies. |
|
| 650 | 0 |
_aEpidemiology _xResearch _xMoral and ethical aspects _vCase studies. |
|
| 655 | 7 |
_aElectronic books. _2local |
|
| 710 | 2 | _aAmerican Public Health Association. | |
| 710 | 2 | _aebrary, Inc. | |
| 856 | 4 | 0 |
_uhttp://site.ebrary.com/lib/rucke/Doc?id=10486826 _zAn electronic book accessible through the World Wide Web; click to view |
| 999 |
_c125343 _d125343 |
||